Pearson IIT Foundation Chemistry/ (Record no. 200774)

MARC details
000 -LEADER
fixed length control field 00657nam a22001937a 4500
005 - DATE AND TIME OF LATEST TRANSACTION
control field 20240215123514.0
010 ## - LCCN (DPL NO)
LC control number ENG-139257
020 ## - INTERNATIONAL STANDARD BOOK NUMBER
Terms of availability 420.00
International Standard Book Number 9788119847624
035 ## - SYSTEM CONTROL NUMBER
System control number EN-122789
037 ## - SOURCE OF ACQUISITION
Source of stock number/acquisition DBAD/PUB
082 ## - DEWEY DECIMAL CLASSIFICATION NUMBER
Classification number 540
Edition number 12
245 ## - TITLE STATEMENT
Title Pearson IIT Foundation Chemistry/
250 ## - EDITION STATEMENT
Edition statement 12
260 ## - PUBLICATION, DISTRIBUTION, ETC. (IMPRINT)
Place of publication, distribution, etc Uttar Pradesh
Name of publisher, distributor, etc Pearson India Education Pvt Ltd
Date of publication, distribution, etc 2023
270 ## - ADDRESS
City Uttar Pradesh
Address 15th FLoor, Tower-B, World Trade Tower, Plot No.1, Block- C, Sector-16, Noida
Postal code 201301
300 ## - PHYSICAL DESCRIPTION
Extent vpp.
Dimensions 28cm(pb)
Other physical details Index
500 ## - GENERAL NOTE
General note As Per CBSE,ICSE and State Curriculam Guidelines for Class 9th
942 ## - ADDED ENTRY ELEMENTS (KOHA)
Source of classification or shelving scheme Dewey Decimal Classification
Item type English Books
Classification part 540
Call number suffix IIT
Edition 12
Holdings
Withdrawn status Lost status Not for loan Collection code Home library Current library Date acquired Source of acquisition Cost, normal purchase price Full call number Barcode Copy number Cost, replacement price Koha item type
      Non-fiction Bawana Bawana 15/02/2024 DBAD 420.00 540 IIT EN-122789 1 420.00 English Books

© Delhi Public Library
Hit Counter
free hit counter